Krútňava v Osnabrücku
| Format: | Article |
|---|---|
| Language: | Slovak |
| Subjects: |
MARC
| LEADER | 00000nab a2200000 ar4500 | ||
|---|---|---|---|
| 001 | vtls009324031 | ||
| 003 | SK-MaSNL | ||
| 005 | 20260303055505.0 | ||
| 008 | 080820c19760518xo |r|p|||||||000 b|slo | ||
| 015 | |a SNBRB1976 | ||
| 038 | |a SNKBUCL | ||
| 040 | |a SNKBUCL |b slo |c SNKBUCL |e AACR2 | ||
| 041 | |a slo | ||
| 044 | |a xo |c SK | ||
| 080 | |a 792.5 |2 1997 | ||
| 245 | 0 | 0 | |a Krútňava v Osnabrücku |c [autor] (jz) |
| 600 | 1 | 7 | |a Suchoň, Eugen, |d 1908-1993 |t Krútňava |2 snkbucl |9 103395 |
| 773 | 0 | |t Večerník |g (18.5.1976), s. 5 | |
| 852 | |a SNK |b KIS3GCP | ||
| 958 | |a RC | ||
| 958 | |a SK | ||
| 999 | |c 1727621 |d 1729551 | ||


